Scream Queens Logic Puzzle Quiz Stats

 Plays Quiz not verified by Sporcle

Score 0/16 Timer 08:00
0 Plays Today
Name % Correct




Chad



???
100%




Chanel #1



???
68.6%




Chanel #3



???
65.4%




Chanel #5



???
62.7%




Denise



???
61.4%




Grace



???
53.2%




Hester (Chanel #6)



???
47.4%




Zayday



???
44.7%
Name % Correct




Dean Munsch



???
30.2%




Boone



???
26%




Nurse Hoffel



???
22.8%




Pete



???
21.4%




Dr. Holt



???
19.3%




Dr. Cascade



???
18.5%




Wes



???
16.1%




Melanie Dorkus



???
14.9%

You're not logged in!

Compare scores with friends on all Sporcle quizzes.
OR
Log In

You Might Also Like...

Show Comments

Extras

Top Quizzes Today


Score Distribution

Your Account Isn't Verified!

In order to create a playlist on Sporcle, you need to verify the email address you used during registration. Go to your Sporcle Settings to finish the process.

Report this User

Report this user for behavior that violates our Community Guidelines.

Details: